Most Hated States of the USA in Each State - Statistics

General Stats
  • This quiz has been taken 82 times
  • The average score is 27 of 50
Answer Stats
State Hated State % Correct
Arizona California
79%
California Texas
72%
Alabama Florida
69%
Alaska Texas
67%
Colorado California
61%
Georgia Florida
61%
Oklahoma Texas
61%
Ohio Michigan
59%
New Mexico Texas
59%
Idaho California
57%
Oregon California
57%
Utah California
57%
New Jersey New York
57%
Wyoming California
56%
Illinois Indiana
56%
Indiana Kentucky
56%
Connecticut New Jersey
56%
Delaware New Jersey
56%
Massachusetts New York
56%
Montana California
54%
Nevada California
54%
Washington California
54%
Tennessee Kentucky
54%
New York New Jersey
54%
Michigan Ohio
54%
Kentucky Tennessee
54%
Iowa Nebraska
52%
South Dakota North Dakota
52%
North Dakota South Dakota
52%
West Virginia Virginia
52%
Wisconsin Illinois
51%
Kansas Missouri
51%
Pennsylvania New Jersey
51%
North Carolina South Carolina
51%
Arkansas Alabama
49%
Louisiana Alabama
49%
Florida Florida
49%
Missouri Kansas
49%
Rhode Island Massachusetts
49%
Texas Oklahoma
49%
Mississippi Alabama
48%
Hawaii Florida
48%
Maryland Virginia
48%
Nebraska Iowa
46%
New Hampshire Massachusetts
46%
Vermont Massachusetts
46%
Minnesota Wisconsin
46%
Maine Massachusetts
44%
Virginia West Virginia
44%
South Carolina Ohio
43%
No matching quizzes found
Score Distribution
Percent of People with Each Score
Percentile by Number Answered
Your Score History
You have not taken this quiz